| 000 -LEADER |
| fixed length control field |
01869cam a2200361 a 4500 |
| 001 - CONTROL NUMBER |
| control field |
.b53573870 |
| 003 - CONTROL NUMBER IDENTIFIER |
| control field |
OCoLC |
| 005 - DATE AND TIME OF LATEST TRANSACTION |
| control field |
20191205162036.0 |
| 008 - FIXED-LENGTH DATA ELEMENTS--GENERAL INFORMATION |
| fixed length control field |
150408s2015 paua 000 1 eng d |
| 020 ## - INTERNATIONAL STANDARD BOOK NUMBER |
| International Standard Book Number |
9781594747359 |
| 020 ## - INTERNATIONAL STANDARD BOOK NUMBER |
| International Standard Book Number |
1594747350 |
| 040 ## - CATALOGING SOURCE |
| Original cataloging agency |
DLC |
| Language of cataloging |
eng |
| Transcribing agency |
DLC |
| Modifying agency |
YDXCP |
| -- |
BTCTA |
| -- |
BDX |
| -- |
UKMGB |
| -- |
BKL |
| -- |
IAD |
| -- |
IEU |
| -- |
AZFX8 |
| -- |
NOC |
| -- |
OCLCQ |
| -- |
OCLCO |
| -- |
ATIGN |
| -- |
ATSHR |
| -- |
OCLCO |
| -- |
OCLCF |
| -- |
IAD |
| -- |
ZHB |
| -- |
OCLCO |
| -- |
AUOAC |
| -- |
OCLCO |
| -- |
CNGUL |
| -- |
TXCMR |
| -- |
TXBPL |
| -- |
OCLCO |
| -- |
P@N |
| -- |
G3T |
| -- |
ALSOM |
| -- |
OCLCO |
| -- |
OCLCA |
| -- |
OCLCQ |
| -- |
OCLCO |
| -- |
NTNU |
| 042 ## - AUTHENTICATION CODE |
| Authentication code |
nbic |
| 082 ## - DEWEY DECIMAL CLASSIFICATION NUMBER |
| Classification number |
FIC RIG |
| 100 1# - MAIN ENTRY--PERSONAL NAME |
| Personal name |
Riggs, Ransom. |
| Relator term |
author |
| 245 10 - TITLE STATEMENT |
| Title |
Hollow city / |
| Statement of responsibility, etc. |
by Ransom Riggs. |
| 250 ## - EDITION STATEMENT |
| Edition statement |
First paperback edition. |
| 260 #1 - PUBLICATION, DISTRIBUTION, ETC. |
| Place of publication, distribution, etc. |
Philadelphia : |
| Name of publisher, distributor, etc. |
Quirk Books, |
| Date of publication, distribution, etc. |
2015. |
| 300 ## - PHYSICAL DESCRIPTION |
| Extent |
428 p. : |
| Other physical details |
ill. ; |
| Dimensions |
22 cm. |
| 490 1# - SERIES STATEMENT |
| Series statement |
Miss Peregrine's Peculiar Children ; |
| Volume/sequential designation |
Second novel. |
| 500 ## - GENERAL NOTE |
| General note |
"Originally published by Quirk Books in 2014." |
| 500 ## - GENERAL NOTE |
| General note |
Includes "A Conversation with Ransom Riggs" and an excerpt from The third novel of Miss Peregrine's peculiar children. |
| 520 ## - SUMMARY, ETC. |
| Summary, etc. |
"Having escaped Miss Peregrine's island by the skin of their teeth, Jacob and his new friends, who possess supernatural abilities, must journey to London (circa 1940), the 'peculiar' capital of the world. There they hope to find a cure for their beloved headmistress, Miss Peregrine. But in this war-torn city, hideous surprises lurk around every corner"-- |
| Assigning source |
Provided by publisher. |
| 650 #0 - SUBJECT ADDED ENTRY--TOPICAL TERM |
| Topical term or geographic name entry element |
Orphanages |
| Form subdivision |
Juvenile fiction. |
| 650 #0 - SUBJECT ADDED ENTRY--TOPICAL TERM |
| Topical term or geographic name entry element |
Escapes |
| Form subdivision |
Juvenile fiction. |
| 650 #0 - SUBJECT ADDED ENTRY--TOPICAL TERM |
| Topical term or geographic name entry element |
Paranormal fiction. |
| 650 #0 - SUBJECT ADDED ENTRY--TOPICAL TERM |
| Topical term or geographic name entry element |
Time travel |
| Form subdivision |
Fiction. |
| 651 #0 - SUBJECT ADDED ENTRY--GEOGRAPHIC NAME |
| Geographic name |
London (England) |
| Form subdivision |
Juvenile fiction. |
| 651 #1 - SUBJECT ADDED ENTRY--GEOGRAPHIC NAME |
| Geographic name |
London (England) |
| General subdivision |
History |
| Chronological subdivision |
Bombardment, 1940-1945 |
| Form subdivision |
Fiction. |
| 651 #1 - SUBJECT ADDED ENTRY--GEOGRAPHIC NAME |
| Geographic name |
Great Britain |
| General subdivision |
History |
| Chronological subdivision |
George VI, 1936-1952 |
| Form subdivision |
Fiction. |
| 800 1# - SERIES ADDED ENTRY--PERSONAL NAME |
| Personal name |
Riggs, Ransom. |
| Title of a work |
Novel of Miss Peregrine's Peculiar Children ; |
| Volume/sequential designation |
Second. |
| 942 ## - ADDED ENTRY ELEMENTS (KOHA) |
| Source of classification or shelving scheme |
|
| Koha item type |
Books - Fiction |